Indice alfabético de títulos, materias, correcciones, conexiones y adiciones del Manual del Librero Hispano Americano de Antonio Palau y Dulcet, primer hijo predilecto de la Villa Ducal de Montblanc.
Sparad:
| Huvudupphovsman: | |
|---|---|
| Övriga upphovsmän: | |
| Materialtyp: | Bok |
| Språk: | spanska |
| Publicerad: |
Barcelona, España
Hostench
1981
|
| Ämnen: | |
| Taggar: |
Lägg till en tagg
Inga taggar, Lägg till första taggen!
|
MARC
| LEADER | 00000nam a2200000 a 4500 | ||
|---|---|---|---|
| 001 | UCJ7148 | ||
| 003 | CL-VaPUC | ||
| 005 | 20230119173518.0 | ||
| 008 | 070124e19810000SP |||||||||||||||||spa|d | ||
| 999 | |c 323248 |d 323246 | ||
| 040 | |c Pontificia Universidad Católica de Valparaíso | ||
| 082 | 0 | 4 | |a 010 PAL 1981 |2 21 |
| 100 | |a Palau y Dulcet, Antonio |e autor |9 515229 | ||
| 245 | 1 | 0 | |a Indice alfabético de títulos, materias, correcciones, conexiones y adiciones del Manual del Librero Hispano Americano de Antonio Palau y Dulcet, primer hijo predilecto de la Villa Ducal de Montblanc. |
| 260 | 0 | 3 | |a Barcelona, España |b Hostench |c 1981 |
| 300 | |a 7 volúmenes. | ||
| 583 | |a last modification |c 20070124 00:00:00 |k Rodrigo Vera | ||
| 650 | 7 | |a BIBLIOGRAFIA |2 CL-VaPUC |9 256175 | |
| 650 | 7 | |a CATALOGO |2 CL-VaPUC |9 381466 | |
| 650 | 0 | |a Ìndices |9 258316 | |
| 700 | |a Palau Claveras, Agustín |e autor |9 515231 | ||
| 942 | |c BK |2 ddc | ||
| 945 | |d 20070124 00:00:00 |a rinostro | ||
| 952 | |0 0 |1 0 |4 0 |6 010_000000000000000_PAL_1981 |7 0 |8 X |9 402701 |a FDOBUD |b FDOBUD |d 2019-11-22 |h v.1 |i 3399257 |o 010 PAL 1981 |p 3399257 |r 2019-11-22 |t 1 |w 2019-11-22 |y BK_X |k BUD | ||
| 952 | |0 0 |1 0 |4 0 |6 010_000000000000000_PAL_1981 |7 0 |8 X |9 402702 |a FDOBUD |b FDOBUD |d 2019-11-22 |h v.2 |i 3399265 |o 010 PAL 1981 |p 3399265 |r 2019-11-22 |t 1 |w 2019-11-22 |y BK_X |k BUD | ||
| 952 | |0 0 |1 0 |4 0 |6 010_000000000000000_PAL_1981 |7 0 |8 X |9 402703 |a FDOBUD |b FDOBUD |d 2019-11-22 |h v.3 |i 3399273 |o 010 PAL 1981 |p 3399273 |r 2019-11-22 |t 1 |w 2019-11-22 |y BK_X |k BUD | ||
| 952 | |0 0 |1 0 |4 0 |6 010_000000000000000_PAL_1981 |7 0 |8 X |9 402704 |a FDOBUD |b FDOBUD |d 2019-11-22 |h v.4 |i 3399281 |o 010 PAL 1981 |p 3399281 |r 2019-11-22 |t 1 |w 2019-11-22 |y BK_X |k BUD | ||
| 952 | |0 0 |1 0 |4 0 |6 010_000000000000000_PAL_1981 |7 0 |8 X |9 402705 |a FDOBUD |b FDOBUD |d 2019-11-22 |h v.5 |i 339929K |o 010 PAL 1981 |p 339929K |r 2019-11-22 |t 1 |w 2019-11-22 |y BK_X |k BUD | ||
| 952 | |0 0 |1 0 |4 0 |6 010_000000000000000_PAL_1981 |7 0 |8 X |9 402706 |a FDOBUD |b FDOBUD |d 2019-11-22 |h v.6 |i 3399303 |o 010 PAL 1981 |p 3399303 |r 2019-11-22 |t 1 |w 2019-11-22 |y BK_X |k BUD | ||
| 952 | |0 0 |1 0 |4 0 |6 010_000000000000000_PAL_1981 |7 0 |8 X |9 402707 |a FDOBUD |b FDOBUD |d 2019-11-22 |h v.7 |i 3399311 |o 010 PAL 1981 |p 3399311 |r 2019-11-22 |t 1 |w 2019-11-22 |y BK_X |k BUD | ||